اردو افسانوں کا تجزياتی مطالعہ / (Record no. 26236)

MARC details
000 -LEADER
fixed length control field 00940nam a22002177a 4500
005 - DATE AND TIME OF LATEST TRANSACTION
control field 20200213115634.0
010 ## - LCCN (DPL NO)
LC control number B-327433 UR-7489
020 ## - INTERNATIONAL STANDARD BOOK NUMBER
International Standard Book Number 9788182234444
Terms of availability 175.00
035 ## - SYSTEM CONTROL NUMBER
System control number B-327433
035 ## - SYSTEM CONTROL NUMBER
System control number U-6044
037 ## - SOURCE OF ACQUISITION
Source of stock number/acquisition ايجوکيشنل پبلشنگ ہاؤس
082 ## - DEWEY DECIMAL CLASSIFICATION NUMBER
Classification number 843.08
100 ## - MAIN ENTRY--PERSONAL NAME
Personal name صاحب علی
245 ## - TITLE STATEMENT
Title اردو افسانوں کا تجزياتی مطالعہ /
Statement of responsibility, etc صاحب علی
246 ## - VARYING FORM OF TITLE
Title proper/short title Urdu Afsanon Ka Tajziyati Mutailah /
Remainder of title by Saheb Ali
260 ## - PUBLICATION, DISTRIBUTION, ETC. (IMPRINT)
Place of publication, distribution, etc دلّی
Name of publisher, distributor, etc ايحوکيشنل پبلشنگ ہاؤس
Date of publication, distribution, etc 2008 ء
270 ## - ADDRESS
Address 3108،گلی وکيل،کوچہ پنڈت لال کنواں
City دلّی
Postal code 110006
300 ## - PHYSICAL DESCRIPTION
Extent 180p.
Other physical details 22cm(Hb)
942 ## - ADDED ENTRY ELEMENTS (KOHA)
Source of classification or shelving scheme Dewey Decimal Classification
Item type Urdu Bks
Classification part 843.08
Call number suffix ص ا ح
Holdings
Withdrawn status Lost status Not for loan Collection code Home library Current library Date acquired Source of acquisition Cost, normal purchase price Full call number Barcode Copy number Cost, replacement price Koha item type
      Non-fiction Central Library Central Library 11/05/2009 Educational Publishing House /2250/20.03.09/2:23/13.03.09/09.04.09300.00 175.00 843.08 ص ا ح B-327433 1 175.00 Urdu Bks
    Not For Loan Non-fiction D.B.Act.Division D.B.Act.Division 22/08/2009 DBAD /PUB 175.00 843.08 ص اح U-6044 1 175.00 Urdu Bks

© Delhi Public Library
Hit Counter
free hit counter